| 000 | 02539cam a2200349 a 4500 | ||
|---|---|---|---|
| 001 | 15906839 | ||
| 003 | NUST | ||
| 005 | 20220801154632.0 | ||
| 008 | 090915s2010 mdua b 001 0 eng | ||
| 010 | _a 2009038321 | ||
| 020 | _a9781598570168 (pbk.) | ||
| 020 | _a1598570161 (pbk.) | ||
| 035 | _a(OCoLC)ocn436946071 | ||
| 038 | _aAzhar | ||
| 040 |
_aDLC _cDLC _dC#P _dCDX _dYDXCP _dDLC |
||
| 043 | _an-us--- | ||
| 050 | 0 | 0 |
_aLC4813 _b.P74 2010 |
| 082 | 0 | 0 |
_a371.90474 _222 _bPRE |
| 245 | 0 | 0 |
_aPreparing students with disabilities for college success : _ba practical guide to transition planning _cedited by Stan F. Shaw, Joseph W. Madaus, and Lyman L. Dukes, III. |
| 260 |
_aBaltimore : _bPaul H. Brookes Pub. Co., _cc2010. |
||
| 300 |
_axvii, 293 p. : _bill. ; _c26 cm. |
||
| 504 | _aIncludes bibliographical references and index. | ||
| 505 | 0 | _aIntroduction / Joseph W. Madaus, Stan F. Shaw, and Lyman L. Dukes, III -- Considerations for the transition to college / Joan M. McGuire -- Let's be reasonable : accommodations at the college level / Joseph W. Madaus -- Teaching students with disabilities self-determination skills to equalize access and increase opportunities for postsecondary educational success / James E. Martin, Juan Portley, and John W. Graham -- Using a schoolwide model to foster successful transition to college : providing comprehensive academic and behavioral supports to all learners / Michael Faggella-Luby, K. Brigid Flannery, and Brandi Simonsen -- Technology trends and transition for students with disabilities / Manju Banerjee -- How secondary personnel can work with families to foster effective transition planning / Carol A. Kochhar-Bryant -- Gathering data to determine eligibility for services and accommodations / Lyman L. Dukes, III -- The college search / Nick Elksnin and Linda K. Elksnin -- Helping students with disabilities navigate the college admissions process / Manju Banerjee and Loring C. Brinckerhoff -- Planning for the transition to college / Stan F. Shaw. | |
| 650 | 0 |
_aPeople with disabilities _xEducation (Higher) _zUnited States. _996145 |
|
| 650 | 0 |
_aCollege students with disabilities _zUnited States. _996146 |
|
| 700 | 1 |
_aShaw, Stan F. _996147 |
|
| 700 | 1 |
_aMadaus, Joseph W. _996148 |
|
| 700 | 1 |
_aDukes, Lyman L. _q(Lyman Lee) _996149 |
|
| 906 |
_a7 _bcbc _corignew _d1 _eecip _f20 _gy-gencatlg |
||
| 942 |
_2ddc _cLC |
||
| 999 |
_c590737 _d590737 |
||